Homenatge a Manuel Carrasco i Formiguera : una vida per Catalunya una vida per Catalunya
Publicado:
Barcelona :
Generalitat de Catalunya, Entitat Autònoma del Diari Oficial i de Publicacions ,
1991
Descripción Física:
113 p. ; 23 cm
Colección:
Catalans i·lustres ; 5
MARC
| LEADER | 00000nam a2200000Ia 4500 | ||
|---|---|---|---|
| 001 | 9357 | ||
| 008 | 160829s1991 xx 000 0 cat d | ||
| 080 | |a M-2-99 | ||
| 100 | 1 | |a Carrasco i Formiguera, Manuel, |d 1890-1938 |9 55662 | |
| 245 | |a Homenatge a Manuel Carrasco i Formiguera : |b una vida per Catalunya | ||
| 260 | |a Barcelona : |b Generalitat de Catalunya, Entitat Autònoma del Diari Oficial i de Publicacions, |c 1991 | ||
| 300 | |a 113 p. ; |c 23 cm | ||
| 490 | |a Catalans i·lustres ; 5 | ||
| 600 | 1 | 0 | |a Carrasco i Formiguera, Manuel, |d 1890-1938 |9 55662 |
| 650 | 0 | |a Polítics |z Catalunya |v Biografia |9 33087 | |
| 901 | |a Arxiu | ||
| 942 | |n 1 | ||
| 952 | |0 0 |1 0 |4 0 |6 M299 |7 1 |9 45777 |a Arxiu |b Arxiu |d 2016-12-01 |l 0 |o M-2-99 |p 9357 |r 2016-12-01 00:00:00 |w 2016-12-01 |y ARXIU | ||
| 999 | |c 49277 |d 49277 | ||